|
|
|
|
| LEADER |
00000nas a2200000 a 4500 |
| 001 |
ssj0011771 |
| 003 |
WaSeSS |
| 005 |
20200512172242.0 |
| 006 |
m d |
| 007 |
cr n |
| 008 |
980309c19399999dcuqr pss 0 a0eng c |
| 010 |
|
|
|a 2004221956
|
| 022 |
|
|
|a 2163-2529
|y 0008-7912
|
| 035 |
|
|
|a (WaSeSS)ssj0011771
|
| 037 |
|
|
|a 22573/ctt45hkx2
|b JSTOR
|
| 040 |
|
|
|a FGA
|b eng
|c FGA
|d OCL
|d OCLCQ
|d ATL
|d OCL
|d OCLCE
|d DLC
|d OCLCQ
|d OCLCF
|d OCLCQ
|d TEF
|d VT2
|d UAB
|d U3W
|d WaSeSS
|
| 042 |
|
|
|a pcc
|a nsdp
|
| 050 |
|
4 |
|a BS410
|
| 082 |
0 |
4 |
|a 220.05
|2 23
|
| 130 |
0 |
|
|a Catholic Biblical quarterly (Online)
|
| 222 |
|
4 |
|a The Catholic Biblical quarterly
|b (Online)
|
| 245 |
1 |
4 |
|a The Catholic Biblical quarterly
|h [electronic resource].
|
| 260 |
|
|
|a Washington, DC :
|b Catholic Biblical Association of America
|
| 310 |
|
|
|a Quarterly
|
| 362 |
1 |
|
|a Print began with vol. 1, no. 1 (Jan. 1939).
|
| 506 |
|
|
|a License restrictions may limit access.
|
| 525 |
|
|
|a Occasional supplements containing constitution, by-laws, officers, membership list, etc. of the association.
|
| 538 |
|
|
|a Mode of access: World Wide Web.
|
| 588 |
|
|
|a Description based on: Vol. 8, no. 1 (Jan. 1946); title from cover (ATLASerials, viewed Jan. 9, 2004).
|
| 588 |
|
|
|a Latest issue consulted: Vol. 73, issue 3 (July 2011) (Proquest's website, viewed on Aug. 30, 2011).
|
| 610 |
2 |
0 |
|a Catholic Church
|v Periodicals.
|
| 610 |
2 |
6 |
|a Église catholique
|v Périodiques.
|
| 610 |
2 |
7 |
|a Catholic Church.
|2 fast
|0 (OCoLC)fst00531720
|
| 630 |
0 |
0 |
|a Bible
|x Societies, etc.
|
| 630 |
0 |
0 |
|a Bible
|v Periodicals.
|
| 630 |
0 |
6 |
|a Bible
|v Périodiques.
|
| 630 |
0 |
6 |
|a Bible
|x Associations.
|
| 630 |
0 |
7 |
|a Bible.
|2 fast
|0 (OCoLC)fst01356024
|
| 650 |
|
7 |
|a Societies.
|2 fast
|0 (OCoLC)fst01123785
|
| 650 |
1 |
7 |
|a Bijbel.
|2 gtt
|
| 655 |
|
0 |
|a Electronic journals.
|
| 710 |
2 |
|
|a Catholic Biblical Association of America.
|
| 776 |
1 |
|
|t Catholic Biblical quarterly
|x 0008-7912
|w (DLC)a 40000163
|w (OCoLC)1553526
|
| 856 |
4 |
0 |
|z Full text available from Research Library: 04/01/1995 to 04/30/2010
|u https://search.proquest.com/publication/41268
|